|
|
|
|
| LEADER |
00000nam a2200000 a 4500 |
| 001 |
vtls009186951 |
| 003 |
SK-MaSNL |
| 005 |
20260301170707.0 |
| 007 |
co cg mnuua |
| 008 |
080228s2007 xo a fs 100 0 slo |
| 015 |
|
|
|a SNBS2008/02-00732
|
| 020 |
|
|
|a 9788080930332 (elektronická kniha)
|
| 040 |
|
|
|a SNK
|b slo
|c SNK
|e AACR2
|
| 041 |
0 |
|
|a slo
|
| 044 |
|
|
|a xo
|c SK
|
| 072 |
|
7 |
|a 630
|x Lesníctvo
|2 konspekt
|
| 080 |
|
|
|a 630
|2 2001
|
| 080 |
|
|
|a 630.1
|2 2001
|
| 080 |
|
|
|a 581.526.42
|2 2001
|
| 080 |
|
|
|a 574
|2 2001
|
| 080 |
|
|
|a 502.1
|2 2001
|
| 080 |
|
|
|a (062.534)
|2 2001
|
| 080 |
|
|
|a (0.034.44)
|2 2001
|
| 111 |
2 |
|
|a Lesnícka typológia a zisťovanie stavu lesa vo väzbe na trvalo udržateľné obhospodarovanie lesov
|n (0. :
|d 2007 :
|c Zvolen, Slovensko)
|9 537268
|
| 245 |
1 |
0 |
|a Lesnícka typológia a zisťovanie stavu lesa vo väzbe na trvalo udržateľné obhospodarovanie lesov
|h elektronický zdroj
|b zborník prezentácií a príspevkov zo seminára konaného 3.12.2007 vo Zvolene
|c zostavil: Ivor Rizman
|
| 250 |
|
|
|a [1. vyd.]
|
| 260 |
|
|
|a Zvolen
|b Národné lesnícke centrum
|c 2007
|
| 300 |
|
|
|a 1 elektronický optický disk (CD-ROM)
|b fareb. ilustr.
|c 12 cm
|
| 500 |
|
|
|a Názov z titulnej obrazovky
|
| 516 |
|
|
|a Textový dokuemnt (zborník), 1 súbor vo formáte pdf, súbory vo formáte ppt
|
| 538 |
|
|
|a Technické požiadavky: Adobe Reader, PowerPoint Viewer
|
| 650 |
0 |
7 |
|a lesníctvo
|2 SNKPH
|9 1255
|
| 650 |
0 |
7 |
|a lesnícka typológia
|2 SNKPH
|9 207329
|
| 650 |
0 |
7 |
|a lesné hospodárstvo
|2 SNKPH
|9 1256
|
| 650 |
0 |
7 |
|a lesné ekosystémy
|2 SNKPH
|9 1436
|
| 650 |
0 |
7 |
|a lesné rastlinné spoločenstvá
|2 SNKPH
|9 67434
|
| 650 |
0 |
7 |
|a ekológia
|2 SNKPH
|9 785
|
| 650 |
0 |
7 |
|a environmentalizmus
|2 SNKPH
|9 23212
|
| 655 |
|
7 |
|a zborníky konferencií
|2 SNKPH
|9 70153
|
| 655 |
|
7 |
|a CD-ROM
|2 SNKPH
|9 70236
|
| 655 |
|
7 |
|a elektronické zdroje
|2 SNKPH
|9 90954
|
| 700 |
1 |
|
|a Rizman, Ivor
|4 com
|9 476393
|
| 919 |
|
|
|a 978-80-8093-033-2
|
| 999 |
|
|
|c 828421
|d 830351
|
| 952 |
|
|
|a SNK
|b SNK
|y PREZ
|7 0
|p 17A0581854
|o snkSCDM 1754
|i snk2008/5001
|8 0
|0 0
|1 0
|4 0
|d 2008-02-28
|l 0
|r 2026-02-24 03:28:45
|w 2026-02-24
|
| 952 |
|
|
|t snkLES 630
|a SNKMST
|b SNKMST
|y PREZ
|7 0
|p 17A0581855
|o snkSCDM 1754 D1
|i snk2008/5002
|8 0
|0 0
|1 0
|4 0
|d 2008-02-28
|l 0
|r 2025-08-12 00:00:00
|w 2026-02-24
|